[Event "SVK-ch U18 Girls rapid"]
[Site "Poprad"]
[Date "2025.05.03"]
[Round "4"]
[White "Kosutova, Diana"]
[Black "Konopova, Barbora"]
[Result "1-0"]
[WhiteElo "1653"]
[BlackElo "1408"]
[PlyCount "95"]
[EventDate "2025.05.03"]
[EventType "tourn (rapid)"]
[EventRounds "7"]
[EventCountry "SVK"]
[SourceTitle "CB19_2025"]
[SourceDate "2025.05.07"]
[SourceVersion "1"]
[SourceVersionDate "2025.05.07"]
[SourceQuality "1"]

1. e4 e5 2. Nf3 Nc6 3. Nc3 Nf6 4. d4 exd4 5. Nxd4 Nxd4 6. Qxd4 d6 7. Bg5 Be7 8. e5 dxe5 9. Qxe5 Be6 10. Rd1 Qc8 11. Nb5 0-0 12. Bd3 h6 13. Bxf6 Bxf6 14. Qe4 g6 15. 0-0 Bxa2 16. b3 a6 17. Qf3 Kg7 18. Na3 b5 19. Rfe1 c5 20. c4 Bxb3 21. Rb1 Ba4 22. cxb5 axb5 23. Nxb5 Bxb5 24. Rxb5 Re8 25. Rc1 Ra1 26. Rxa1 Bxa1 27. h3 c4 28. Bxg6 fxg6 29. Rb7+ Kh8 30. Qf7 Re1+ 31. Kh2 Be5+ 32. g3 Bc7 33. Rxc7 Qxc7 34. Qxc7 Rc1 35. Qe5+ Kh7 36. Qe7+ Kh8 37. Kg2 Rc2 38. Kf3 Rc3+ 39. Kf4 Ra3 40. Qxa3 Kg7 41. Ke5 h5 42. Qe7+ Kh6 43. g4 c3 44. f4 c2 45. Qe8 Kh7 46. Qf7+ Kh6 47. Qg8 g5 48. fxg5# 1-0

[Event "SVK-ch U18 Girls rapid"]
[Site "Poprad"]
[Date "2025.05.03"]
[Round "2"]
[White "Olexova, Laura"]
[Black "Konopova, Barbora"]
[Result "0-1"]
[WhiteElo "1466"]
[BlackElo "1408"]
[PlyCount "102"]
[EventDate "2025.05.03"]
[EventType "tourn (rapid)"]
[EventRounds "7"]
[EventCountry "SVK"]
[SourceTitle "CB19_2025"]
[SourceDate "2025.05.07"]
[SourceVersion "1"]
[SourceVersionDate "2025.05.07"]
[SourceQuality "1"]

1. e4 e5 2. Nf3 Nc6 3. Bc4 Bc5 4. c3 Nf6 5. d4 exd4 6. cxd4 Bb4+ 7. Bd2 Bxd2+ 8. Nbxd2 d6 9. d5 Ne5 10. Nxe5 dxe5 11. 0-0 Ng4 12. h3 Nh6 13. f4 exf4 14. Rxf4 Qg5 15. Qf3 Bxh3 16. g3 Bg4 17. Qf2 f6 18. Bb5+ Bd7 19. Bxd7+ Kxd7 20. Nf3 Qh5 21. Nh2 Qe5 22. Rb1 Rhf8 23. Nf3 Qe7 24. Nd2 g5 25. Rf3 Ng4 26. Qe2 Ne5 27. Re3 h5 28. Qb5+ Kc8 29. Nc4 Ng4 30. Re2 a6 31. Qb3 Qc5+ 32. Kg2 Kd7 33. Rf1 Rae8 34. Qc3 f5 35. Qg7+ Qe7 36. Qc3 fxe4 37. Rxf8 Rxf8 38. Qc2 e3 39. Qd3 Rf2+ 40. Kg1 Rxe2 41. Qxe2 Qe4 42. Na3 Qe5 43. Nc4 Qxg3+ 44. Qg2 Qxg2+ 45. Kxg2 c6 46. dxc6+ Kxc6 47. Kf3 Kd5 48. Nb6+ Kd4 49. Na4 Kd3 50. Nc3 Ne5+ 51. Kg3 e2 0-1